000 00452nam a2200169Ia 4500
999 _c10409
_d10409
003 OSt
005 20220316161946.0
008 220308s9999 xx 000 0 und d
020 _a9781138825284
082 _a363.69
_bAYG
100 _a Aygen, Zeynep
245 0 _aInternational heritage and historic building conservation : saving the world's past
260 _b ‎ Routledge; 1st edition 
365 _cGBP
365 _d46.99
942 _2ddc